Predikčná finančná analýza vybraného podniku diplomová práca

Gespeichert in:
Bibliographische Detailangaben
1. Verfasser: Piešová, Silvia
Körperschaft: Podnikovohospodárska fakulta EU so sídlom v Košiciach. Katedra finančného riadenia podniku
Weitere Verfasser: Beslerová, Stela
Format: Buch
Sprache:Slowakisch
Veröffentlicht: Košice 2016
Tags: Tag hinzufügen
Keine Tags, Fügen Sie das erste Tag hinzu!

MARC

LEADER 00000nbm a2200000 4500
001 0217569
005 20161213102542.2
041 0 |a slo 
044 |a SK 
245 1 0 |a Predikčná finančná analýza vybraného podniku  |b diplomová práca  |c Silvia Piešová ; školiteľ: Stela Beslerová 
264 1 |a Košice  |c 2016 
300 |a 81 s. 
100 1 |a Piešová, Silvia 
700 1 |a Beslerová, Stela 
710 2 |a Podnikovohospodárska fakulta EU so sídlom v Košiciach. Katedra finančného riadenia podniku